Mac OSX systems Quiz Stats

 Plays Quiz not verified by Sporcle

Support Sporcle.
Go Orange.
Score 0/10 Timer 04:00
0 Plays Today
Release Date % Correct
Expected 2011Lion
97.3%
October 26, 2007Leopard
89.2%
August 28, 2009Snow Leopard
89.2%
April 29, 2005Tiger
87.8%
October 24, 2003Panther
74.3%
August 24, 2002Jaguar
73%
March 24, 2001Cheetah
66.2%
September 25, 2001Puma
66.2%
September 13, 2000Kodiak
20.3%
March 16, 1999Hera
8.1%

You're not logged in!

Compare scores with friends on all Sporcle quizzes.
OR
Log In

From the Vault

Anything but India

by SpicyMcHaggis

Technically, you don't have to know anything about India to get 100% on this quiz.
Remove Ads.
Support Sporcle.
Get the best of Sporcle when you Go Orange. This ad-free experience offers more features, more stats, and more fun while also helping to support Sporcle. Thank you for becoming a member.

Show Comments

Extras

Top Quizzes Today


Score Distribution

Your Account Isn't Verified!

In order to create a playlist on Sporcle, you need to verify the email address you used during registration. Go to your Sporcle Settings to finish the process.

Report this User

Report this user for behavior that violates our Community Guidelines.

Details: